000
00194 a2200097 4500
020
_a
9780817463007
041
_a
eng
100
_a
Bryan Peterson
245
_a
Understanding Exposure
942
_c
BK
999
_c
30942
_d
30940